Inter Milan - le grand quiz - Statistiques

Statistiques générales
  • Ce quiz a été pris 153 fois
  • Le résultat moyen est 31 sur 40
Statistiques - réponses
Question Réponse % Correct
À l’issue de la saison 2023/24 couronnée par un scudetto, combien d’étoile(s) l’Inter a eu sur son maillot ? 2
97%
Combien de Ligue des Champions a gagné le club ? 3
96%
En 2006, l'Inter remporte le championnat grâce à l'affaire du Calciopoli : à quelle place avait fini le club lors de la saison ? 3ème
96%
Que signifie Inter dans le nom du club ? Internazionale
95%
Quel club l'Inter affronte lors du Derby de la Madonnina ? AC Milan
93%
Quel buteur star africain est recruté par l'Inter en 2009 ? Samuel Eto'o
93%
Quel prodige suédois joua pour l'Inter Milan de 2006 à 2009 ? Zlatan Ibrahimović
93%
Quel joueur brésilien, surnommé Il Fenomeno, joua 5 années au sein du club ? Ronaldo
92%
Comment se nomme le stade du club construit en 1925, toujours utilisé aujourd’hui ? San Siro
91%
De quelle nationalité est Javier Zanetti, véritable légende vivante du club durant presque 20 ans ? Argentine
89%
À quel poste évoluait Júlio César, qui a joué de 2005 à 2012 au club ? Gardien de but
89%
Qui est actuellement l’équipementier du club interiste ? Nike
89%
Quel célèbre entraîneur va connaître une magnifique période sur le banc interiste de 2008 à 2010 ? José Mourinho
88%
Quel buteur excellent avec le club porte actuellement le brassard de capitaine ? Lautaro Martinez
88%
Pour quel montant similaire ont été recruté Hakan Çalhanoğlu, Marcus Thuram et Piotr Zieliński ? 0 €
87%
De quel pays est originaire Henrikh Mkhitaryan, actuellement joueur au club ? Arménie
86%
Contre quelle équipe l’Inter Milan s’incline en finale de la Ligue des champions 2022/23 ? Manchester City
86%
Combien de championnats a remporté le club milanais ? 20
85%
Quel club a été vaincu par l'Inter Milan durant cette finale ? Bayern Munich
85%
Lors du sacre en Ligue des Champions en 2010, qui inscrit un doublé pour permettre à l'Inter de soulever la Coupe aux grandes oreilles ? Diego Milito
85%
Dans quelle région l’Inter Milan est-il situé ? Lombardie
85%
Combien de Coupe d’Italie a-t-il remporté ? 9
84%
Qui est actuellement le meilleur buteur de l’histoire du club avec 285 buts ? Giuseppe Meazza
82%
Qui est actuellement le coach de l’Inter Milan ? Simone Inzaghi
82%
Quel milieu néerlandais va faire une saison 2009/10 fantastique avec le club, lui permettant de finir 4ème au Ballon d'or ? Wesley Sneijder
82%
Qui est le joueur le plus capé de l’histoire du club avec 858 matchs joués ? Javier Zanetti
80%
Comment sont surnommés les joueurs de l'Inter Milan ? Nerazzurri
78%
Qui va garder les cages milanaises entre 2012 et 2023 ? Samir Handanovič
77%
Quel milieu prodige est recruté à Cagliari lors de l’été 2019 ? Nicolò Barella
76%
Quel argentin a rejoint le PSG en 2019 après 6 années au club ? Mauro Icardi
74%
De quel pays est originaire le groupe Sunning, qui a détenu majoritairement le club de 2016 à 2024 ? Chine
71%
Pour pouvoir accueillir quel type de joueurs, contrairement à l'AC Milan, l'Inter est il fondé ? Non-italiens
70%
En quelle année le club a-t-il été fondé ? 1908
68%
Avec quel système joue Antonio Conte lors de son excellent passage sur le banc milanais ? 3-5-2
67%
Quel style de jeu est popularisé par Helenio Herrera, entraîneur du club entre 1960 et 1968 ? Catenaccio
58%
Quel futur entraîneur marquant du rival de l’AC Milan fit un court passage sur le banc interiste ? Stefano Pioli
46%
Quel Ballon d'or allemand évolua au sein du club interiste de 1984 à 1987 ? Karl-Heinz Rummenigge
45%
Quel entraîneur fait son grand retour sur le banc en 2014, après un passage réussi entre 2004 et 2008 ? Roberto Mancini
44%
Qui présida le club de 1995 à 2013 ? Massimo Moratti
37%
Quel célèbre entraîneur italien est sur le banc du club de 1986 à 1991 ? Giovanni Trapattoni
26%
Aucun quiz correspondant
Distribution des résultats
% des personnes avec chaque résultat
Percentile par nombre de réponses
Votre historique - résultats
Vous n’avez pas pris ce quiz